000 00634nam a22001697a 4500
020 _qHard Cover.
082 _a200
100 _aMehmood, Zahid.
245 _aSynergistic Enhancement in Mechanical and Ballistic Properties of Composite Propellant for Solid Propulsion Systems /
_cZahid Mehmood
260 _aIslamabad:
_bSCME - NUST,
_c2015.
300 _axxi, 145 p. : ill. ;
_c30cm.
650 _aPhD-Materials Engineering
_9123162
700 _aDr. Muahmmad Bilal Khan
_919498
856 _uhttp://10.250.8.41:8080/xmlui/handle/123456789/19904
942 _2ddc
_cTHE
999 _c527992
_d527992